书目信息 |
| 题名: |
童年
|
|
| 作者: | 高尔基 著 ;刘辽逸 译 | |
| 分册: | ||
| 出版信息: | 北京 人民文学出版社 1956 |
|
| 页数: | 248页 | |
| 开本: | 20cm | |
| 丛书名: | ||
| 单 册: | ||
| 中图分类: | I512.4 | |
| 科图分类: | ||
| 主题词: | 小说--苏联 | |
| 电子资源: | ||
| ISBN: | ||
| 000 | 00632nam0 2200229 45 | |
| 001 | 0178003530 | |
| 005 | 20060722171906.04 | |
| 010 | @dCNY0.63 | |
| 091 | @a10019.436 | |
| 100 | @a19950721e19781956em y0chiy0121 ea | |
| 101 | 1 | @achi@crus |
| 102 | @aCN@b110000 | |
| 105 | @ac z 000ay | |
| 200 | 10 | @a童年@Atong nian@f(苏)高尔基(М.Гоpький)著@F(Su)Gao Er Ji(М.Гоpький)Zhu@g刘辽逸译 |
| 210 | @a北京@c人民文学出版社@d1956 | |
| 215 | @a248页@c肖像@d20cm | |
| 606 | 0 | @a小说@y苏联 |
| 690 | @aI512.4@v3 | |
| 701 | 1 | @a高尔基@4著 |
| 702 | 0 | @a刘辽逸@Aliu liao yi@4译 |
| 801 | 0 | @aCN@bNLC@c20060722 |
| 905 | @dI512.4@e10 | |
| 童年/(苏)高尔基(М.Гоpький)著/刘辽逸译.-北京:人民文学出版社,1956 |
| 248页:肖像;20cm |
| ISBN :CNY0.63 |
| ● |
| 相关链接 |
|
|
|
|
正题名:童年
索取号:I512.4/10
 
预约/预借
| 序号 | 登录号 | 条形码 | 馆藏地/架位号 | 状态 | 备注 |
| 1 | 0028643 | 001896773 | 密集书库/ [索取号:I512.4/10] | 在馆 | |
| 2 | 0028644 | 000784832 | 第二借阅区/ [索取号:I512.4/10] | 在馆 | |
| 3 | 0028645 | 001896817 | 密集书库/ [索取号:I512.4/10] | 在馆 | |
| 4 | 0062580 | 000316330 | 第二借阅区/ [索取号:I512.4/10] | 在馆 | |
| 5 | 0062582 | 001892198 | 密集书库/ [索取号:I512.4/10] | 在馆 | |
| 6 | 0062583 | 001892232 | 密集书库/ [索取号:I512.4/10] | 在馆 | |
| 7 | 0062584 | 000316358 | 第二借阅区/ [索取号:I512.4/10] | 在馆 | |
| 8 | 0062585 | 000316571 | 第二借阅区/ [索取号:I512.4/10] | 在馆 | |
| 9 | 0062587 | 000316394 | 第二借阅区/ [索取号:I512.4/10] | 在馆 | |
| 10 | 0062588 | 000316349 | 第二借阅区/ [索取号:I512.4/10] | 在馆 | |
| 11 | 0062589 | 000316367 | 第二借阅区/ [索取号:I512.4/10] | 在馆 | |
| 12 | 0427574 | 204275747 | 密集书库/ [索取号:I512.4/10] | 在馆 |